Zásady agrárnej politiky

Zásady agrárnej politiky - osobitný nápravný režim, ktorý je súčasťou Koncepcie pôdohospodárskej politiky, má pomôcť prekonať súčasnú nepriaznivú finančnú situáciu v poľnohospodárskych podnikoch na Slovensku. Stručná charakteristika zásady 1-11.

Guardado en:
Detalles Bibliográficos
Formato: Capítulo de libro
Lenguaje:eslovaco
Materias:
Etiquetas: Agregar Etiqueta
Sin Etiquetas, Sea el primero en etiquetar este registro!

MARC

LEADER 00000naa a2200000 4500
001 r014020
005 20221213122728.5
041 0 |a slo 
044 |a SK 
245 1 0 |a Zásady agrárnej politiky 
520 |a Zásady agrárnej politiky - osobitný nápravný režim, ktorý je súčasťou Koncepcie pôdohospodárskej politiky, má pomôcť prekonať súčasnú nepriaznivú finančnú situáciu v poľnohospodárskych podnikoch na Slovensku. Stručná charakteristika zásady 1-11. 
610 2 0 |a politika poľnohospodárska 
610 2 0 |a podnik poľnohospodársky 
610 2 0 |a Slovensko 
610 2 0 |a insolventnosť